000 00750nam a2200253Ia 4500
003 GCL
008 140319s9999 xx 000 0 ara d
040 _aGCL /
_cGCL
082 0 4 _a792.9
_bب م
100 1 _aبافيس، باتريس
245 1 0 _aالمسرح فى مفترق طرق الثقافة /
_cبافيس، باتريس
700 1 _aسباعى السيد
260 _a[S.N] :
_bوزارة الثقافة
300 _a287
490 _a
650 0 4 _aالتمثيل
650 0 4 _aالاخراج المسرحى
650 0 4 _aالتمثيل المسرحى
650 0 4 _aالمسرح
650 0 4 _aالمسرحيات
650 0 4 _aالفنون المسرحية
650 0 4 _aالانتاج المسرحى
942 _2ddc
_cBK
999 _c30047
_d30047